000 01254nam0a22002771 4500
001 rc\3516380
005 20130115142923.7
021 _aRU
_b[74-83709]
035 _a(NLR Aleph) 007659703
090 _a6318391
_c6318391
100 _a20130115d1974 |||y0rusy50 ca
101 0 _arus
102 _aRU
105 _aa z |||||
200 1 _aИз опыта работы ордена Ленина строительного треста № 36 Главзапстроя Минстроя СССР
_eИнформ. обзор
_fМ-во стр-ва СССР. Отд-ние науч.-техн. информации Ин-т организации, механизации и техн. помощи стр-ву
210 _aЯрославль
_cБ. и.
_d1974
215 _a83 с.
_cил.
_d20
300 _aАвт. указаны на обороте тит. л.
606 _aСтроительное дело
_2psbo
700 1 _aБобков
_bВ. К.
712 0 2 _aИнститут организации, механизации и технической помощи строительству
_cЯрославль
_3RU\NLR\AUTH\8810149175
801 0 _aRU
_bNLR
_gpsbo
801 1 _aRU
_bELAR
_2rusmarc
852 _aNLR
_j74-4/26750
942 _cBOOK
980 _aNB